| 000 | 00560nam a2200145Ia 4500 | ||
|---|---|---|---|
| 008 | 100204s9999 xx 000 0 und d | ||
| 082 | _b3069 | ||
| 100 | _aफडके अनंत | ||
| 245 | _aभारताात दारिद्र्रय का आहे ? | ||
| 260 |
_b"मागोवा प्रकाशन , पुणे" _c1979 |
||
| 300 | _a103 | ||
| 630 | _aभारताात दारिद्र्रय का आहे ? | ||
| 730 | _aभारताात दारिद्र्रय का आहे ? | ||
| 942 | _cBOOK | ||
| 999 |
_c448046 _d448043 |
||